Wacken 2024 Sudden Death Bands - Statistiken

Allgemein
  • Dieses Quiz wurde 49 mal gespielt
  • Das Durchschnittsergebnis liegt bei 3 aus 15
Answers on the Grid
Answers color-coded by a green-red scale on the quiz's grid according to % correct below.
Scorpions
Nightwish
Feuerschwanz
Iron Maiden
In Extremo
Apocalyptica
Blind Guardian
Saltatio Mortis
Gojira
Hämatom
Amon Amarth
Beast in Black
Papa Roach
Korn
Sabaton
Accept
Helloween
Architects
Megadeath
Metallica
Gene Simons Band
Avantasia
Manowar
ACDC
Dragonforce
Behemoth
Machine Head
Slipknot
Opeth
Saxon
 
Antwortstatistiken
Antwort % Korrekt
Scorpions
63%
Feuerschwanz
30%
In Extremo
30%
Blind Guardian
28%
Hämatom
28%
Amon Amarth
25%
Korn
25%
Architects
18%
Gene Simons Band
18%
Beast in Black
15%
Behemoth
15%
Accept
13%
Avantasia
13%
Dragonforce
13%
Opeth
8%
Keine übereinstimmenden Quizze gefunden
Verteilung der Resultate
Anzahl Personen mit jedem Resultat
Perzentil nach korrekt beantworteten Fragen
Ihre Resultats-Entwicklung
Sie haben dieses Quiz noch nicht gespielt